00737pam a2200217 a 4500001000500000005001700005020001400022040002300036050002000059082001000079100001800089245003700107250004500144260003700189300005800226505000800284520015700292521002000449521002000469650003000489357120250605104725.0 a059014059 aDLCcDLCdDLCbeng00aQB582.G53b199700a523.31 aGibbons, Gail14aThe moon book /cby Gail Gibbons aFirst Scholastic printing , January 1998 aNew York :bHoliday House,c1997 a32 unnumbered pages : bcolor illustrations ;c26 cm. aR  aIdentifies the moon as our only natural satellite, describes its movement and phases, and discusses how we have observed and explored it over the years. a740 bLexile  aR bRaz-Plus  asolar systemvNon-fiction